000
00217 a2200097 4500
001
40937
100
_a
Abdul Karim Ahmad
245
_a
TAURJMAN UR Quran
260
_a
Lahore
_b
Islami Acadami
_c
090
_c
25185
_d
25185
942
_a
NUST-CAE
_c
M
_c
16875
999
_c
276010
_d
276010